Statistiques concernant Verbe être (se définir) en espagnol

Cliquez ici pour prendre le quiz!

Statistiques générales

  • Ce quiz a été pris 34 fois
  • Le résultat moyen est 10 sur 31

Statistiques - réponses

FrançaisEspagnol% Correct
ÊtreSer
96%
Je suisyo soy
79%
Tu estú eres
64%
Nous sommesnosotros somos
61%
il/elle estél es
54%
Ils/elles sontellos son
46%
Vous êtesvosotros sois
39%
Il/elle étaitél era
29%
Ils/elles serontellos serán
29%
Il/elle seraél será
29%
Nous étionsnosotros éramos
29%
Tu étaistú eras
29%
Tu serastú serás
29%
Vous étiezvosotros erais
29%
J'étaisyo era
29%
Ils/elles étaientellos eran
25%
Nous seronsnosotros seremos
25%
Vous serezvosotros seréis
25%
J'ai étéyo he sido
25%
Je seraiyo seré
25%
Il/elle a étéél ha sido
21%
Ils/elles ont étéellos han sido
21%
Ils/elles seraientellos serían
21%
Il/elle seraitél sería
21%
Nous avons éténosotros hemos sido
21%
Nous serionsnosotros seríamos
21%
Tu as ététú has sido
21%
Tu seraistú serías
21%
Vous avez étévosotros habéis sido
21%
Je seraisyo sería
21%
Vous seriezvosotros seríais
18%

Distribution des résultats

Percentile par nombre de réponses

% des personnes avec chaque résultat

Votre développement - résultats

Vous n’avez pas pris ce quiz